Johnnys You May Generally Know #3 - Statistics

General Stats
  • This quiz has been taken 55 times
    52 since last reset
  • The average score is 9 of 20
Answer Stats
Clue Forename Surname % Correct
A major biblical character of the New Testament who is known for absolving sins via water. John The Baptist
89%
This U.S. President was a member of a famous family. His presidency was tragically cut short in 1963. John F. Kennedy
86%
One of the most famous names in late night television. Heeeeree's Johnny! Johnny Carson
84%
Arguably the biggest star of Western films to date. He was usually known simply as The Duke. John Wayne
73%
While this name is a very common combination, one of its most prolific holders was the British explorer who became involved with Pocahontas. John Smith
70%
Lead singer of a controversial, British punk band from the 70's that became famous despite only ever releasing a single studio album. Johnny Rotten
61%
This actor is best known as the lead in a hit show about a 60's advertising agency. A role that earned him an Emmy in 2015. Jon Hamm
55%
This fictional character is the future leader of a resistance group that fights Skynet. He sends the T-800 to protect his past self from the T-1000. John Connor
52%
One half of a legendary rock duo known by their surnames from the seventies and eighties with six number one hits. John Oates
36%
This Hanna-Barbera cartoon character was known for going on adventures with his father. Usually with his friends Jessie and Hadji. Jonny Quest
34%
This actor is best known for his role as a Dunder Mifflin employee who enjoys tormenting his beet farming co-worker. John Krasinski
32%
This British-American has his own late night satirical news show on HBO. Clips of which are incredibly popular on YouTube. John Oliver
32%
Before becoming the 10th President of the United States, he was Vice President to the shortest reigning President in American history. John Tyler
32%
Made a bid for U.S. President but lost to George W. Bush. Went on to become President Obama's Secretary of State. John Kerry
30%
This fictional surgeon was the best pal of Hawkeye Pierce in both a TV show and a movie. The character later got its own TV show. Portrayed by a different actor each time. John MacIntyre ("Trapper")
30%
A fictional character from Marvel Comics. He is the fiery member of a famous foursome with several movies and cartoon shows based on them. Johnny Storm
30%
An actor of several movies whose most enduring character is the curly haired, bespectacled teenager in the Vote for Pedro T-shirt. Jon Heder
25%
A five time Emmy award winning actor. Most were for his starring role in a 90's sitcom, the latest for his season-long appearance on Dexter. John Lithgow
23%
This former WWE wrestler is known for his parkour inspired wrestling moves, his rocker persona and an uncanny resemblance to a sixties rock singer. John Morrison
14%
This drummer sat behind the kit for a popular rock band from the sixties known for their enigmatic, erratic singer who died in Paris in 1971. John Densmore
9%
No matching quizzes found
Score Distribution
Percent of People with Each Score
Percentile by Number Answered
Your Score History
You have not taken this quiz since the last reset